Pohledávky a závazky. Reforma účetní soustavy. 8.

Za základ pre sledovanie pohľadávok a záväzkov sa v čs. účtovnom systéme pre podnikateľov berie finančné hľadisko. Charakteristika zachytávania záväzkov a pohľadávok, včítane devízových pohľadávok a rezerv na jednotlivých účtoch.

Guardado en:
Detalles Bibliográficos
Autor principal: Havel, F.
Formato: Capítulo de libro
Lenguaje:checo
Materias:
Etiquetas: Agregar Etiqueta
Sin Etiquetas, Sea el primero en etiquetar este registro!

MARC

LEADER 00000naa a2200000 4500
001 r011226
005 20220831083946.8
041 0 |a cze 
044 |a [CS] 
245 1 0 |a Pohledávky a závazky.  |b Reforma účetní soustavy. 8.  |c F. Havel 
520 |a Za základ pre sledovanie pohľadávok a záväzkov sa v čs. účtovnom systéme pre podnikateľov berie finančné hľadisko. Charakteristika zachytávania záväzkov a pohľadávok, včítane devízových pohľadávok a rezerv na jednotlivých účtoch. 
610 2 0 |a účtovníctvo 
610 2 0 |a pohľadávky 
610 2 0 |a vzťahy zúčtovacie 
610 2 0 |a záväzky 
610 2 0 |a osnova účtová 
610 2 0 |a podnikatelia 
610 2 0 |a ČSFR 
610 2 0 |a devízy 
610 2 0 |a rezervy 
100 1 |a Havel, F.